书目信息

书名: 复合种植系统昆虫群落多样性研究 
作者: 黄明度
出版信息: 广州   广东科技出版社  2008.08
开本页数:   1-122页
丛书名:
单 册:
中图分类: Q96
科图分类:
主题词: 昆虫学
电子资源:
ISBN: 7-5359-4608-9
000 00623nam0 2200205 450
001 0959957078
005 20090511164106.00
010    @a7-5359-4608-9@dCNY 48.00
100    @a20090511d2008 km y0chiy0120 ea
101 @achi
102    @aCN@b440000
200 @a复合种植系统昆虫群落多样性研究@Afu he zhong zhi xi tong kun chong qun luo duo yang xing yan jiu@f黄明度@Fhuang ming du
205    @a第一版
210    @a广州@c广东科技出版社@d2008.08
215    @a1-122页
606 @a昆虫学
690    @aQ96@v4
701  0 @a黄明度@Ahuang ming du
801  0 @aCN@b大连网信软件有限公司图书馆·11@c20090511
905    @aZUCC@dQ96@e16
    
    复合种植系统昆虫群落多样性研究/黄明度.-第一版.-广州:广东科技出版社,2008.08
    1-122页
    
    
    ISBN 7-5359-4608-9:CNY 48.00
    
相关链接 在五车中查询图书 在当当中查询图书 在豆瓣中查询图书


正题名:复合种植系统昆虫群落多样性研究     索取号:Q96/16         预约/预借

序号 登录号 条形码 馆藏地/架位号 状态 备注
1 217199   300217199   柳城-4楼/5架3列5层/ [索取号:Q96/16] 在馆